Top 10 Most Populous U.S. Cities Starting With M - Statistics

General Stats
  • This quiz has been taken 67 times
  • The average score is 8 of 10
Answer Stats
State Answer Population % Correct
Tennessee Memphis 611 k
95%
Minnesota Minneapolis 426 k
95%
Florida Miami 464 k
93%
Wisconsin Milwaukee 558 k
91%
Wisconsin Madison 282 k
89%
Alabama Montgomery 194 k
88%
Arizona Mesa 518 k
84%
California Modesto 216 k
59%
Texas McKinney 215 k
32%
California Moreno Valley 212 k
30%
No matching quizzes found
Score Distribution
Percent of People with Each Score
Percentile by Number Answered
Your Score History
You have not taken this quiz